Länder nach rechtsextremen Parteien - Statistiken

Allgemein
  • Dieses Quiz wurde 6 mal gespielt
  • Das Durchschnittsergebnis liegt bei 33 aus 41
Antwortstatistiken
Parteien Länder % Korrekt
Alternative für _, Arbeitsgemeinschaft Nation Europa, Arminius – Bund des _ Volkes, Aufbruch _ Patrioten – Mittel_, Bürgerbewegung pro _, Bürgerbewegung pro NRW, Bürgerbewegung pro Köln, Bund für Gesamt_, Der III. Weg, _ Alternative, _ Aufbaupartei, _ Gemeinschaft, _ Liga für Volk und Heimat, _ Partei, _ Reichspartei, _ Volksunion, _-Soziale Union, Die Heimat, Die Rechte, Die Republikaner, Freie Sachsen, Freiheitliche _ Arbeiterpartei, Kieler Liste für Ausländerbegrenzung, Nationaldemokratische Partei _, Nationale Alternative, Nationale Liste, Nationale Offensive, Nationalistische Front, Neue Stärke Partei, Sächsische Volkspartei, Sozialistische Reichspartei, Unabhängige Arbeiter-Partei, Deutschland
100%
Chrysi Avgi, Ethniki Politiki Enosis, Laikos Orthodoxos Synagermos Griechenland
100%
Aktion Neue Rechte, Arbeitsgemeinschaft für demokratische Politik, Die Bunten, Die Grünen _, Freiheitliche Partei _, Nationaldemokratische Partei, Nationale Volkspartei, Verband der Unabhängigen Österreich
100%
Büyük Birlik Partisi, Cumhuriyetçi Köylü Millet Partisi, Milliyetçi Hareket Partisi, Ötüken Birliği Partisi Türkei
100%
_ Freedom Party, Vereinigte Staaten
100%
Partia Balli Kombëtar Albanien
83%
Partido del Nuevo Triunfo, Partido Popular de la Reconstrucción Argentinien
83%
Liberal-Demokratische Partei _ Belarus
83%
Démocratie Nationale, Parti Communautaire National-Européen, REX Belgien
83%
Ação Integralista _ Brasilien
83%
_ Nationalsocialistiske Arbejderparti, _ Nationalsocialistiske Bevægelse, Stop Islamisieringen Af Danmark, Stram Kurs Dänemark
83%
_ Iseseisvuspartei Estland
83%
Les identitaires, Mouvement national républicain, Parti des forces nouvelles, Parti de la _, Parti populaire _, Rassemblement National, Frankreich
83%
Kach, Kahane Chai, Otzma Jehudit Israel
83%
Alternativa Sociale, Associazione Nazionalista _, Fiamma Tricolore, Forza Nuova, Fratelli d’_, La Destra, Lega, Movimento Sociale _, Partito Nazionale Fascista, Un_, Italien
83%
Tōhōkai Japan
83%
Nationalist Party of _, Nationalist Unity Party of _ Kanada
83%
_ stranka prava Kroatien
83%
Imperium Europa Malta
83%
Centrum Democraten, Centrumpartij, Centrumpartij 86, Nationaal-Socialistische Beweging, _ Volks-Unie, Partij voor de Vrijheid Niederlande
83%
Narodowe Odrodzenie _, Ruch Narodowy Polen
83%
Ergue-te Portugal
83%
Alianța pentru Unirea _, Legiunea Arhanghelul Mihail, Liga Apărării Național-Creștine, Noua Dreaptă, S.O.S. _, Partidul _ Mare Rumänien
83%
Liberalno-demokratischeskaja partija _, Национал-Большевистская Партия, Russland
83%
Nationaldemokraterna, Nationalsocialistisk front, _ parti, _demokraterna Schweden
83%
Partei National Orientierter _, Nationalpartei, Schweizer Demokraten Schweiz
83%
Srpska radikalna stranka, ZBOR Serbien
83%
Hlinkova _ ľudová strana, Kotlebovci – Ľudová strana Naše _, _ národná strana Slowakei
83%
Alianza Nacional, Democracia Nacional, Falange, Vox Spanien
83%
Gesuiwerde Nasionale Party, Herenigde Nasionale Party, Herstigte Nasionale Party, Nasionale Party Südafrika
83%
Dělnická strana, Dělnická strana sociální spravedlnosti, Národní strana Tschechien
83%
All_ Vereinigung Swoboda, Prawyj Sektor, _ Nationalversammlung – _ Nationale Selbstverteidigung Ukraine
83%
Jobbik, Magyar Igazság és Élet Pártja Ungarn
83%
_ League of Rights, _ First Party, _ National Socialist Party, National Socialist Party of _ Australien
67%
Ataka, Patriotische Front Bulgarien
67%
Pērkonkrusts Lettland
67%
_ nacionaldemokratų partija Litauen
67%
_ National Party, _ Union of Fascists, National Front Grossbritannien
50%
SUMKA, Iran
33%
_ Soziale Nationalistische Partei Syrien
33%
Ethniko Laiko Metopo Zypern
33%
Keine übereinstimmenden Quizze gefunden
Verteilung der Resultate
Anzahl Personen mit jedem Resultat
Perzentil nach korrekt beantworteten Fragen
Ihre Resultats-Entwicklung
Sie haben dieses Quiz noch nicht gespielt